| 000 -LEADER |
| fixed length control field |
02255 a2200205 4500 |
| 020 ## - INTERNATIONAL STANDARD BOOK NUMBER |
| International Standard Book Number |
047001721X |
| 040 ## - CATALOGING SOURCE |
| Original cataloging agency |
DLC |
| Language of cataloging |
DLC |
| 082 00 - DEWEY DECIMAL CLASSIFICATION NUMBER |
| Classification number |
371.26097 |
| 245 00 - TITLE STATEMENT |
| Title |
Computer-based testing and the internet : issues and advances |
| Remainder of title |
issues and advances |
| Statement of responsibility, etc. |
Dave Bartram, Ronald K. Hambleton. |
| 260 ## - PUBLICATION, DISTRIBUTION, ETC. |
| Place of publication, distribution, etc. |
Chichester, West Sussex, England ; |
| -- |
Hokoken, NJ : |
| Name of publisher, distributor, etc. |
John Wiley & Sons Ltd., |
| Date of publication, distribution, etc. |
c2005. |
| 300 ## - PHYSICAL DESCRIPTION |
| Extent |
x, 262 p. : |
| Other physical details |
ill. ; |
| Dimensions |
24 cm. |
| 505 0# - FORMATTED CONTENTS NOTE |
| Formatted contents note |
Introduction: the ITC and its role in advancing measurement practices and international guidelines / Thomas Oakland -- Testing on the internet : issues, challenges and opportunities in the field of occupational assessment / Dave Bartram -- Model-based innovations in computer-based testing / Wim J. van der Linden -- New tests and new items : opportunities and issues / Fritz Drasgow and Krista Mattern -- Psychometric models, test designs, and item types for the next generation of educational and psychological tests / Ronald K. Hambleton -- Operational issues in computer-based testing / Richard Luecht -- Internet testing : the examinee perspective / Michael Harris -- The impact of technology on test manufacture, delivery and use, and on the test taker / Dave Bartram -- Optimizing quality in the use of web-based and computer-based testing for personnel selection / Lutz Hornke and Martin Kersting -- Computer-based testing for professional licensing and certification of health professionals / Donald E. Melnick and Brian E. Clauser -- Issues that simulations face as assessment tools : a discussion of chapters 8 and 9 / Charles Johnson -- Inexorable and inevitable : the continuing story of technology and assessment / Randy Bennett -- Facing the opportunities of the future / Krista Breithaupt, Craig N. Mills and Gerald J. Melican. |
| 650 #0 - SUBJECT ADDED ENTRY--TOPICAL TERM |
| Topical term or geographic name entry element |
Psychological tests |
| General subdivision |
Data processing. |
| 700 1# - ADDED ENTRY--PERSONAL NAME |
| Personal name |
Bartram, Dave, |
| Dates associated with a name |
1948- |
| 700 1# - ADDED ENTRY--PERSONAL NAME |
| Personal name |
Hambleton, Ronald K. |
| 856 41 - ELECTRONIC LOCATION AND ACCESS |
| Materials specified |
Table of contents only |
| Uniform Resource Identifier |
<a href="http://www.loc.gov/catdir/toc/ecip0512/2005011178.html">http://www.loc.gov/catdir/toc/ecip0512/2005011178.html</a> |
| 856 41 - ELECTRONIC LOCATION AND ACCESS |
| Materials specified |
Publisher description |
| Uniform Resource Identifier |
<a href="http://www.loc.gov/catdir/enhancements/fy0622/2005011178-d.html">http://www.loc.gov/catdir/enhancements/fy0622/2005011178-d.html</a> |
| 856 41 - ELECTRONIC LOCATION AND ACCESS |
| Materials specified |
Contributor biographical information |
| Uniform Resource Identifier |
<a href="http://www.loc.gov/catdir/enhancements/fy0648/2005011178-b.html">http://www.loc.gov/catdir/enhancements/fy0648/2005011178-b.html</a> |
| 942 ## - ADDED ENTRY ELEMENTS (KOHA) |
| Koha item type |
Book |
| Call number prefix |
371.26097 BAR |
| Source of classification or shelving scheme |
|